Statistics for Animals from Disney Movies

Click here to take the quiz!

General Stats

  • This quiz has been taken 296 times
  • The average score is 15 of 30

Answer Stats

Hint Answer % Correct
FlounderTropical Fish
94%
SimbaLion
93%
DugDog
91%
DumboElephant
89%
BambiDeer
89%
ThumperRabbit
88%
SebastianCrab
84%
NemoClownfish
81%
SvenReindeer
76%
Marie, Berlioz, and ToulouseCats
74%
MaximusHorse
73%
FlowerSkunk
61%
JaqMouse
53%
ScuttleSeagull
51%
PongoDalmatian
47%
TodFox
46%
MeekoRacoon
45%
PascalChameleon
45%
KuzcoLlama
44%
LadyCocker Spaniel
41%
KevinBird
40%
CopperHound
36%
TerkGorilla
33%
DjaliGoat
23%
ShadowGolden Retriever
12%
ScudBull Terrier
7%
ColonelSheepdog
5%
ChanceAmerican Bulldog
4%
SassyHimalayan Cat
3%
DoryRegal Tang
2%

Score Distribution

Percentile by Number Answered

Percent of People with Each Score

Your Score History

You have not taken this quiz